|
|
|
|
| LEADER |
00000nam2a2200000 4500 |
| 001 |
54430 |
| 005 |
20231031050623.0 |
| 010 |
|
|
|a 5020062340
|
| 035 |
|
|
|a (RuTPU)RU\TPU\book\57081
|
| 090 |
|
|
|a 54430
|
| 100 |
|
|
|a 20030806d2003 k y0rusy50 ca
|
| 101 |
0 |
|
|a rus
|
| 102 |
|
|
|a RU
|
| 105 |
|
|
|a с z 001zy
|
| 200 |
0 |
|
|a Т. 1: Методологические основы статистического анализа
|
| 210 |
|
|
|d 2003
|
| 215 |
|
|
|a 571 с.
|c портр.
|
| 320 |
|
|
|a Имен. указ.: с. 560-563
|
| 320 |
|
|
|a Предм. указ.: с. 563-570
|
| 461 |
|
1 |
|0 (RuTPU)RU\TPU\book\59722
|y 5-02-006233-2
|t Избранные труды
|o В 3 т.
|f Я. Б. Кваша
|v Т. 1: Методологические основы статистического анализа
|d 2003-
|
| 610 |
1 |
|
|a экономика
|
| 610 |
1 |
|
|a экономическая статистика
|
| 610 |
1 |
|
|a статистический анализ
|
| 610 |
1 |
|
|a методология
|
| 610 |
1 |
|
|a промышленность
|
| 610 |
1 |
|
|a отрасли
|
| 610 |
1 |
|
|a классификация
|
| 610 |
1 |
|
|a труд
|
| 610 |
1 |
|
|a учет
|
| 610 |
1 |
|
|a основные фонды
|
| 610 |
1 |
|
|a оборудование
|
| 610 |
1 |
|
|a население
|
| 610 |
1 |
|
|a занятость
|
| 610 |
1 |
|
|a механизация
|
| 610 |
1 |
|
|a автоматизация
|
| 610 |
1 |
|
|a концентрация
|
| 610 |
1 |
|
|a производство
|
| 610 |
1 |
|
|a производительность труда
|
| 686 |
|
|
|a У051
|v LBC/SL-A
|2 rubbk
|
| 686 |
|
|
|a У053
|v LBC/SL-A
|2 rubbk
|
| 801 |
|
1 |
|a RU
|b 63413507
|c 20030806
|g PSBO
|
| 801 |
|
2 |
|a RU
|b 63413507
|c 20031013
|g PSBO
|
| 942 |
|
|
|c BK
|